The lady of the rivers / (Record no. 17624)
[ view plain ]
| 000 -LEADER | |
|---|---|
| fixed length control field | 01105nam a22003258a 4500 |
| 001 - CONTROL NUMBER | |
| control field | 015979399 |
| 003 - CONTROL NUMBER IDENTIFIER | |
| control field | EG-ScBUE |
| 005 - DATE AND TIME OF LATEST TRANSACTION | |
| control field | 20220214104229.0 |
| 008 - FIXED-LENGTH DATA ELEMENTS--GENERAL INFORMATION | |
| fixed length control field | 111123s2012 enk f b 000 f eng d |
| 020 ## - INTERNATIONAL STANDARD BOOK NUMBER | |
| International Standard Book Number | 1847394663 |
| 020 ## - INTERNATIONAL STANDARD BOOK NUMBER | |
| International Standard Book Number | 9781847394668 |
| 040 ## - CATALOGING SOURCE | |
| Original cataloging agency | EG-ScBUE |
| Language of cataloging | eng |
| Description conventions | rda |
| Transcribing agency | EG-ScBUE |
| Modifying agency | EG-ScBUE |
| 082 04 - DEWEY DECIMAL CLASSIFICATION NUMBER | |
| Classification number | 823.92 |
| Edition number | 22 |
| Item number | GRE |
| 100 ## - MAIN ENTRY--PERSONAL NAME | |
| Personal name | Gregory, Philippa, |
| Relator term | author. |
| 9 (RLIN) | 33987 |
| 245 14 - TITLE STATEMENT | |
| Title | The lady of the rivers / |
| Statement of responsibility, etc | Philippa Gregory. |
| 264 #1 - PUBLICATION, DISTRIBUTION, ETC. (IMPRINT) | |
| Place of publication, distribution, etc | London : |
| Name of publisher, distributor, etc | Simon and Schuster, |
| Date of publication, distribution, etc | 2012. |
| 300 ## - PHYSICAL DESCRIPTION | |
| Extent | 527 pages ; |
| Dimensions | 20 cm. |
| 336 ## - CONTENT TYPE | |
| Source | rdacontent |
| Content type term | text |
| Content type code | txt |
| 337 ## - MEDIA TYPE | |
| Source | rdamedia |
| Media type term | unmediated |
| Media type code | n |
| 338 ## - CARRIER TYPE | |
| Source | rdacarrier |
| Carrier type term | volume |
| Carrier type code | nc |
| 490 0# - SERIES STATEMENT | |
| Series statement | The cousins' war ; |
| Volume number/sequential designation | 3 |
| 504 ## - BIBLIOGRAPHY, ETC. NOTE | |
| Bibliography, etc | Includes bibliographical references. |
| 586 ## - AWARDS NOTE | |
| Awards note | The number 1 bestseller |
| 600 07 - SUBJECT ADDED ENTRY--PERSONAL NAME | |
| Personal name | Jacquetta, |
| Titles and other words associated with a name | Duchess of Bedford, |
| Dates associated with a name | 1416?-1472 |
| Form subdivision | Fiction. |
| Source of heading or term | BUEsh |
| 9 (RLIN) | 33988 |
| 650 ## - SUBJECT ADDED ENTRY--TOPICAL TERM | |
| Source of heading or term | BUEsh |
| 651 #7 - SUBJECT ADDED ENTRY--GEOGRAPHIC NAME | |
| Geographic name | Great Britain |
| General subdivision | History |
| Chronological subdivision | Wars of the Roses, 1455-1485 |
| Form subdivision | Fiction. |
| 9 (RLIN) | 21776 |
| Source of heading or term | BUEsh |
| 653 ## - INDEX TERM--UNCONTROLLED | |
| Arrived date list | October2013 |
| BestSellers | Best Sellers |
| Resource For college | Humanities: English |
| 655 #0 - INDEX TERM--GENRE/FORM | |
| Genre/form data or focus term | Biographical fiction. |
| Form subdivision | Reading book |
| 9 (RLIN) | 33989 |
| 942 ## - ADDED ENTRY ELEMENTS (KOHA) | |
| Source of classification or shelving scheme | Dewey Decimal Classification |
| Koha item type | Book - Borrowing |
| Withdrawn status | Lost status | Source of classification or shelving scheme | Damaged status | Not for loan | Collection code | Home library | Current library | Shelving location | Date acquired | Source of acquisition | Cost, normal purchase price | Serial Enumeration / chronology | Total Checkouts | Total Renewals | Full call number | Barcode | Checked out | Date last seen | Date checked out | Price effective from | Koha item type |
|---|---|---|---|---|---|---|---|---|---|---|---|---|---|---|---|---|---|---|---|---|---|
| Dewey Decimal Classification | Baccah | Central Library | Central Library | Second Floor | 09/10/2013 | 103.00 | 18079 | 7 | 14 | 823.92 GRE | 000029217 | 01/03/2023 | 22/02/2023 | 22/02/2023 | 09/10/2013 | Book - Borrowing |